000 00694cam a22002413a 4500
001 30172
003 PGUSA
005 20140828083642.0
008 091004s2009||||xxu|||||s|||||000 | eng d
040 _aPGUSA
_beng
042 _adc
050 4 _aNA
100 1 _aTurner, Dawson,
_d1775-1858
245 1 0 _aArchitectural Antiquities of Normandy
_h[electronic resource] /
_cDawson Turner
260 _bProject Gutenberg,
_c2009
506 _aPublic domain in the USA.
516 _aElectronic text
653 _aArchitecture, Norman
653 _aArchitecture -- France -- Normandy
830 0 _aProject Gutenberg
_v30172
856 4 0 _uhttp://www.gutenberg.org/ebooks/30172
942 _cEB
999 _c259427
_d259427